Word Ladder: Author to Author Quiz Stats

Quiz Updated Jul 10, 2015

Challenge
Share
Tweet
Embed
Score 0/16 Timer 02:00
2 Plays Today
Hint 4-Letter Word % Correct
Pig meatPORK
98.7%
Mix of red and whitePINK
96.6%
Not crazySANE
96.4%
Bowl that you wash your hands inSINK
96.1%
One kind of coniferous treePINE
94.7%
A greater or additional amountMORE
94.4%
In trigonometry, opposite over hypotenuseSINE
94.3%
First name of 'Pride and Prejudice' author AustenJANE
93.3%
Hint 4-Letter Word % Correct
To read or study attentively, with 'over'PORE
87%
A long-bodied freshwater fishPIKE
86.4%
Long wall used to prevent flooding from the seaDIKE
82.1%
A stretch of swampy or boggy groundMIRE
80.9%
UrgentDIRE
80.7%
House that fought LancasterYORK
79.1%
Of long ago or former timesYORE
78.3%
Last name of 'I Am Number Four' author PittacusLORE
41.6%

Today's Daily Dose

You're not logged in!

Compare scores with friends on all Sporcle quizzes.
Sign Up with Email
OR
Log In

You Might Also Like...

Show Comments

Extras

Top Quizzes Today


Score Distribution

Your Account Isn't Verified!

In order to create a playlist on Sporcle, you need to verify the email address you used during registration. Go to your Sporcle Settings to finish the process.